000 00269nam a2200097Ia 4500
001 1197583
005 20250827021829.0
008 250824s9999 xx 000 0 und d
245 0 _aÖYKÜLERİYLE AĞITLAR 2
_cAHMET Z. ÖZDEMİR
260 _bKÜLTÜR BAKANLIĞI YAYINLARI
999 _c1197583
_d1197583